Solved problems in electromagnetics (Record no. 19294)

MARC details
000 -LEADER
fixed length control field 00630nam a2200205Ia 4500
003 - CONTROL NUMBER IDENTIFIER
control field IN-BaIIA
008 - FIXED-LENGTH DATA ELEMENTS--GENERAL INFORMATION
fixed length control field 211028s9999 xx 000 0 eng d
020 ## - INTERNATIONAL STANDARD BOOK NUMBER
International Standard Book Number 978-3-662-48366-4
040 ## - CATALOGING SOURCE
Transcribing agency IIA Library
080 ## - UNIVERSAL DECIMAL CLASSIFICATION NUMBER
Universal Decimal Classification number 537.8
Item number BLO
100 ## - MAIN ENTRY--PERSONAL NAME
Personal name Bloise, Felix Salazar
9 (RLIN) 36880
245 #0 - TITLE STATEMENT
Title Solved problems in electromagnetics
Statement of responsibility, etc. Felix Salazar Bloise..[et.al]
260 ## - PUBLICATION, DISTRIBUTION, ETC.
Place of publication, distribution, etc. Berlin
Name of publisher, distributor, etc. Springer-Verlag
Date of publication, distribution, etc. 2017
300 ## - PHYSICAL DESCRIPTION
Extent xviii, 806p.
650 ## - SUBJECT ADDED ENTRY--TOPICAL TERM
Topical term or geographic name entry element Electromagnetics
9 (RLIN) 17380
650 ## - SUBJECT ADDED ENTRY--TOPICAL TERM
Topical term or geographic name entry element Physics
9 (RLIN) 73
700 ## - ADDED ENTRY--PERSONAL NAME
Personal name Ferro, Rafael Medina
9 (RLIN) 36881
700 ## - ADDED ENTRY--PERSONAL NAME
Personal name Rojo, Ana Bayon
9 (RLIN) 36882
942 ## - ADDED ENTRY ELEMENTS (KOHA)
Koha item type Books
Holdings
Withdrawn status Lost status Damaged status Not for loan Home library Current library Shelving location Date acquired Source of acquisition Cost, normal purchase price Total Checkouts Full call number Barcode Date last seen Cost, replacement price Price effective from Koha item type Purchase Price
        IIA Library-Bangalore IIA Library-Bangalore General Stacks 27/12/2016 ANJ 3554.00   537.8/ BLO 20216 05/11/2021 3554.00 27/12/2016 Books Rs. 3554.00

Powered by Koha